000 00776nam a2200229 i 4500
001 160879
003 ES-MaACL
005 20250730063142.0
008 970318s1859 sp |||| | spa d
040 _aCYL
_bspa
_cCYL
100 1 _aOchoa de Alda, Teodoro,
_d1803-1878
_9130591
245 1 0 _aDiccionario geográfico-histórico de Navarra /
_cpor Teodoro Ochoa de Alda.
250 _a2ª ed. de la de 1842.
260 _aPamplona :
_b[s.n.],
_c[s.a.] (
_fImprenta del mismo autor)
300 _a[8], 316 p. ;
_c20 cm.
596 _aEn port. figura la fecha: 1859.
651 4 _aNavarra-
_xGeografía.
_9137279
651 4 _aNavarra-
_xHistoria.
_9137280
752 _aEspaña -
_dPamplona
852 _aES-MaACL
_jB-5682
_z-- Rúst.
999 _c160879
_d160879